42 clubs espagnols en 2018-2019 - Statistiques

Statistiques générales
  • Ce quiz a été pris 229 fois
  • Le résultat moyen est 19 sur 42
Statistiques - réponses
Ligue Club % Correct
Liga FC Barcelone
98%
Liga Real Madrid CF
97%
Liga Atlético de Madrid
96%
Liga Bétis Séville
91%
Liga Séville FC
88%
Liga Valence CF
85%
Liga Real Sociedad
77%
Liga Villarreal CF
72%
Liga Athletic Bilbao
68%
Liga Getafe CF
65%
Liga Espanyol Barcelone
59%
Segunda division Malaga CF
59%
Liga Celta vigo
58%
Segunda division Granada CF
58%
Liga Deportivo Alavès
54%
Liga Valladolid
54%
Segunda division CA Osasuna
51%
Liga Gérone FC
51%
Segunda division UD Las Palmas
50%
Liga Levante UD
49%
Segunda division RC Deportivo la Coruna
48%
Liga Rayo Vallecano
44%
Liga SD Eibar
42%
Segunda division Sporting de Gijon
42%
Segunda division Elche CF
40%
Liga CD Leganés
35%
Segunda division UD Alméria
34%
Segunda division Cadiz CF
31%
Segunda division RCD Mallorca
31%
Liga SD Huesca
31%
Segunda division Real Oviedo
30%
Segunda division CD Tenerife
29%
Segunda division Real Zaragoza
24%
Segunda division Albacete Balompié
23%
Segunda division Cordoba CF
21%
Segunda division CD Lugo
15%
Segunda division AD Alcorcon
13%
Segunda division CD Numancia
10%
Segunda division Extremadura UD
6%
Segunda division Gimnastic de Tarragona
6%
Segunda division Rayo Majadahonda
3%
Segunda division CF Reus Deportiu
1%
Aucun quiz correspondant
Distribution des résultats
% des personnes avec chaque résultat
Percentile par nombre de réponses
Votre historique - résultats
Vous n’avez pas pris ce quiz